| 000 | 02840nam0a2200373 4500 | ||
|---|---|---|---|
| 001 | RU\NLR\BIBL_A\012450825 | ||
| 005 | 20260407100950.0 | ||
| 035 | _a(NLR Aleph) 012450825 | ||
| 090 |
_a11974677 _c11974677 |
||
| 100 | _a20210211d1988 |||y0rusy50 ca | ||
| 101 | 0 | _arus | |
| 102 | _aRU | ||
| 105 | _aach z 010zy | ||
| 181 | 0 |
_ai _baxxe |
|
| 182 | 0 | _an | |
| 200 | 1 |
_aВоенный дважды Краснознаменный институт физической культуры (1918-1988) _e[к 70-летию со дня основания _fкандидат педагогических наук, доцент полковник Нестеров А. А. и кандидат педагогических наук подполковник Шейченко В. А.] _gпод редакцией кандидата педагогических наук Б. В. Евстафьева и кандидата педагогических наук В. А. Шейченко |
|
| 203 |
_aТекст _bвизуальный _cнепосредственный |
||
| 210 |
_aЛенинград _c[б. и.] _d1988 |
||
| 215 |
_a278, [1] с. _cил., портр., факс. _d21 _eПрил. (13, [1] с.; 15х21 см) |
||
| 300 | _aЗагл. прил.: План-сценарий проведения торжественных мероприятий, посвященных 70-летию Военного дважды Краснознаменного института физической культуры | ||
| 300 | _aАвт. указаны на обороте тит. л. в аннот. | ||
| 316 |
_aВо 2-м экз. прил. отсутствует _5NLR |
||
| 320 | _aБиблиогр.: с. 241-245 и в подстроч. примеч. | ||
| 464 | 0 |
_12001#$aПлан-сценарий проведения торжественных мероприятий, посвященных 70-летию Военного дважды Краснознаменного института физической культуры _tПлан-сценарий проведения торжественных мероприятий, посвященных 70-летию Военного дважды Краснознаменного института физической культуры |
|
| 601 | 0 | 2 |
_aВоенный институт физической культуры _cСанкт-Петербург, город _xИстория _z1918 - 1988 _92467118 _3RU\NLR\AUTH\6601682728 |
| 686 | 1 | _aЦ4,6(2Р)399.4г | |
| 700 | 1 |
_aНестеров _bА. А. |
|
| 701 | 1 |
_aШейченко _bВ. А. |
|
| 711 | 0 | 2 |
_aВоенный институт физической культуры _cЛенинград _3RU\NLR\AUTH\889927782 _9351178 |
| 942 | _cBOOK | ||
| 980 | _aNB | ||